All Overwatch characters - Statistics

General Stats
  • This quiz has been taken 32 times
  • The average score is 40 of 50
Answer Stats
Hint Answer % Correct
Support Mercy
100%
Support Ana
96%
Support Baptiste
96%
Tank Reinhardt
96%
Tank D.Va
91%
DPS Genji
91%
Support Kiriko
91%
Support Lucio
91%
Tank Roadhog
91%
Tank Sigma
91%
DPS Tracer
91%
Tank Wrecking Ball
91%
DPS Bastion
87%
DPS Cassidy
87%
DPS Junkrat
87%
Support Moira
87%
DPS Reaper
87%
DPS Soldier:76
87%
DPS Torbjörn
87%
DPS Widowmaker
87%
Tank Winston
87%
Tank Doomfist
83%
DPS Hanzo
83%
Tank Junker Queen
83%
Tank Orisa
83%
DPS Sombra
83%
Support Zenyatta
83%
DPS Ashe
78%
DPS Echo
78%
Support Lifeweaver
78%
DPS Mei
78%
Tank Ramattra
78%
DPS Sojourn
78%
Tank Zarya
78%
Support Juno
74%
Tank Mauga
74%
DPS Symmetra
74%
DPS Anran
70%
Support Illari
70%
DPS Pharah
70%
DPS Vendetta
70%
DPS Venture
70%
Support Wuyang
70%
Support Brigitte
65%
Tank Domina
65%
Tank Hazard
65%
Support Mizuki
65%
Support Jetpack Cat
61%
DPS Emre
57%
DPS Freja
57%
No matching quizzes found
Score Distribution
Percent of People with Each Score
Percentile by Number Answered
Your Score History
You have not taken this quiz